000 00532nam a2200193Ia 4500
005 20250326143245.0
008 250326s9999 xx 000 0 und d
020 _a0-19-924887-7
037 _aTextbook
040 _aFMSL
_beng
_cFMSL
041 _aeng
_2eng
084 _aX:5 P1
_qFMSL
100 _aPomfret Richard
245 0 _aEconomics of regional tading arrangements
_cPomfret Richard
260 _aN
_bN, Y Oxford University
_c2001
300 _axxiv,442
942 _cTB
_hX:5 P1
999 _c1298805
_d1298805